[Event "Ch Latvia"]
[Site "Riga (Latvia)"]
[Date "2021.09.23"]
[Round "7.13"]
[White "Alipovs Anatolijs (LAT)"]
[Black "Melderis Uldis (LAT)"]
[Result "1-0"]
[WhiteElo "1796"]
[BlackElo "1877"]
[Annotator ""]
[Source ""]
[Remark ""]

1.e4 e6 2.d4 d5 3.Nc3 Nf6 4.e5 Nfd7 5.f4 c5 6.Nf3 Nc6 7.Nb5 a6
8.Nd6+ Bxd6 9.exd6 cxd4 10.Nxd4 Nf6 11.Be3 Qxd6 12.Nb3 Qc7 13.Be2
O-O 14.Bf3 e5 15.O-O e4 16.Be2 Bd7 17.Rc1 Rad8 18.Kh1 Na5 19.Nxa5
Qxa5 20.Bd4 Bb5 21.b3 Bxe2 22.Qxe2 Qb5 23.Qe3 Rc8 24.Rg1 Qd7
25.g4 Rfd8 26.Rg2 Rc6 27.Rf1 Rdc8 28.c3 Ne8 29.f5 f6 30.g5 b5
31.gxf6 Nxf6 32.Rfg1 Qxf5 33.Rxg7+ Kf8 34.Qh6 Ke8 35.R7g5 Qf3+
36.R5g2 R8c7 37.b4 Rf7 38.Qg5 Re6 39.h3 e3 40.Kh2 Kd7 41.Rg3
Qe2+ 42.R1g2 Qd3 43.Rf3 Qg6 44.Rxf6 Rfxf6 45.Qxd5+ Ke8 46.Rxg6
Rxg6 47.Qa8+ Kd7 48.Bxe3 Re7 49.Qb7+ Ke8 50.Qc8+ Kf7 51.Qc5 Ke8
52.a3 Rge6 53.Bg5 Re2+ 54.Kg3 R7e6 55.h4 R2e5 56.Qc8+ Kf7 57.Qd7+
Kg6 58.Qd3+ Kg7 59.Qd4 Kf7 60.Kf4 Kg6 1-0

[Event "Ch Latvia"]
[Site "Riga (Latvia)"]
[Date "2021.09.23"]
[Round "7.14"]
[White "Stinka Gustavs (LAT)"]
[Black "Aleidzans Vadims (LAT)"]
[Result "0-1"]
[WhiteElo "1024"]
[BlackElo "1433"]
[Annotator ""]
[Source ""]
[Remark ""]

1.e4 e5 2.Nf3 Nc6 3.Bb5 a6 4.Bxc6 dxc6 5.d4 exd4 6.Qxd4 Qxd4
7.Nxd4 Nf6 8.f3 c5 9.Ne2 b5 10.c3 Bb7 11.Bf4 O-O-O 12.Kf2 c4
13.Nd2 Bc5+ 14.Be3 Bxe3+ 15.Kxe3 Rd3+ 16.Kf2 Rxd2 17.b3 cxb3
18.axb3 Rhd8 19.Rhe1 Nh5 20.g3 f5 21.e5 R8d3 22.f4 Rxc3 23.Rad1
Rf3+ 24.Kg1 Rfd3 25.Rc1 g5 26.g4 Nxf4 27.Nxf4 gxf4 28.gxf5 Rg2+
29.Kf1 Rxh2 30.f6 Rh1+ 31.Kf2 Rd2+ 32.Re2 Rh2+ 33.Kf1 Rhxe2 34.f7
Bg2+ 35.Kg1 Rd8 36.e6 Rxe6 37.Kxg2 Rf6 38.b4 f3+ 39.Kf2 Rxf7
40.Rc2 Rg8 41.Ke3 Rg2 42.Rc1 f2 43.Rf1 c5 44.bxc5 b4 45.Kd3 Rg1
46.Rxg1 fxg1Q 47.Kc4 Rf4+ 48.Kb3 Qb1+ 49.Ka4 Qa2# 0-1

[Event "Ch Latvia"]
[Site "Riga (Latvia)"]
[Date "2021.09.23"]
[Round "7.15"]
[White "Adamovics Aleksejs (LAT)"]
[Black "Alainis Artis (LAT)"]
[Result "1-0"]
[WhiteElo "1594"]
[BlackElo "1841"]
[Annotator ""]
[Source ""]
[Remark ""]

1.d4 d5 2.c4 c6 3.cxd5 cxd5 4.Nc3 Nf6 5.Bf4 Nc6 6.e3 a6 7.Bd3
Bg4 8.Nge2 e6 9.f3 Bh5 10.O-O Bg6 11.Rc1 Nh5 12.Bc2 Nxf4 13.Nxf4
Bxc2 14.Qxc2 Bd6 15.Nd3 O-O 16.f4 Ne7 17.Nc5 Rb8 18.a3 Nf5 19.Rf3
Qe7 20.Nxd5 Qd8 21.Nc3 Bxc5 22.dxc5 Qa5 23.Ne2 Rfd8 24.Qc3 Qa4
25.b3 Qc6 26.Nd4 Qd5 27.Nxf5 exf5 28.Qc4 Qd2 29.Qc2 Qa5 30.Qc3
Qb5 31.a4 Qc6 32.Qc4 Rd2 33.Rf2 Rbd8 34.Qf1 R2d3 35.Rb2 Rxe3
36.Qf2 Red3 37.h3 g6 38.Rcc2 Qd7 39.Kh2 Qc8 40.b4 R8d4 41.g3
Rd1 42.Qg2 Ra1 43.b5 Rdd1 44.b6 Rh1+ 45.Qxh1 Rxh1+ 46.Kxh1 Qc6+
47.Kh2 Kf8 48.Rb4 Kg7 49.Rd4 h5 50.h4 a5 51.Rdc4 Kh6 52.Rd2 Kg7
53.Rc3 Kh6 54.Rcc2 Kg7 55.Rc4 Kh6 56.Rd6 Qf3 57.Rc2 Qa3 58.Rdd2
g5 59.fxg5+ Kg7 60.c6 f4 61.gxf4 bxc6 62.Rb2 Qf3 63.b7 Qxf4+
64.Kg2 Qc4 65.Kf2 Qf4+ 66.Ke2 Qe4+ 67.Kd1 Qxa4+ 68.Kc1 Qc4+ 69.Kb1
Qf1+ 70.Ka2 Qc4+ 71.Rb3 a4 72.b8Q axb3+ 73.Qxb3 Qxh4 74.Qc3+
Kh7 75.g6+ Kxg6 76.Rg2+ Kf5 77.Qf3+ Ke5 78.Re2+ Kd6 79.Qa3+ c5
80.Qa6+ Kd5 81.Rd2+ Ke5 82.Qd6+ Ke4 83.Re2+ Kf5 84.Re5+ Kg4 85.Re4+ 1-0

[Event "Ch Latvia"]
[Site "Riga (Latvia)"]
[Date "2021.09.23"]
[Round "7.16"]
[White "Valdats Reinis (LAT)"]
[Black "Savicevs Arsenijs (LAT)"]
[Result "0-1"]
[WhiteElo "1440"]
[BlackElo "1708"]
[Annotator ""]
[Source ""]
[Remark ""]

1.e4 c5 2.Nf3 e6 3.d4 cxd4 4.Nxd4 Nf6 5.Nc3 Nc6 6.Bg5 Bb4 7.Nxc6
bxc6 8.Bd3 Qa5 9.Bxf6 gxf6 10.Qd2 Qg5 11.g3 Qxd2+ 12.Kxd2 d5
13.a3 Ba5 14.b4 Bb6 15.f4 Bd4 16.Rae1 O-O 17.Ne2 Bf2 18.Ref1
dxe4 19.Bxe4 Rd8+ 20.Bd3 Bb6 21.g4 Bb7 22.Ng3 c5 23.Ke2 Bxh1
24.Rxh1 c4 25.Bxc4 Rd4 26.Bd3 Rxf4 27.h3 Rf2+ 28.Ke1 a5 29.b5
Rf3 30.Ne4 Rc8 31.Ke2 Re3+ 32.Kd2 Kg7 33.Nd6 Rb8 34.Nc4 Rg3 35.Nxb6
Rxb6 36.Ke2 f5 37.gxf5 exf5 38.c4 Re6+ 39.Kd2 Rd6 0-1

[Event "Ch Latvia"]
[Site "Riga (Latvia)"]
[Date "2021.09.24"]
[Round "8.1"]
[White "Bekasovs Rihards (LAT)"]
[Black "Berzinsh Roland (LAT)"]
[Result "0-1"]
[WhiteElo "2091"]
[BlackElo "2364"]
[Annotator ""]
[Source ""]
[Remark ""]

1.d4 d5 2.Nf3 Nf6 3.c4 dxc4 4.g3 c5 5.Qa4+ Nc6 6.dxc5 Qa5+ 7.Qxa5
Nxa5 8.Bd2 Nc6 9.Na3 e5 10.Bg2 Bxc5 11.Nxc4 Ng4 12.O-O e4 13.Ng5
f5 14.e3 h6 15.Nh3 Be6 16.Rac1 Rd8 17.Rfd1 g5 18.Na5 Nxa5 19.Bxa5
Rxd1+ 20.Rxd1 Ke7 21.a3 Rc8 22.Rc1 b6 23.Bd2 Bb3 24.Bf1 Rd8 25.Bb4
Bxb4 26.axb4 Rd2 27.Ra1 Rxb2 28.Rxa7+ Kd6 29.Ra1 Ne5 30.b5 Bc2
31.Kg2 Bd3 32.Rc1 Rxb5 33.Ng1 Rb2 34.Rd1 Ke6 35.h3 h5 36.Ra1
g4 37.hxg4 hxg4 38.Ra8 Nc4 39.Bxd3 exd3 40.Ra1 Nxe3+ 41.Kh1 Nc4
42.Rd1 Rd2 43.Re1+ Kd5 44.f3 Rf2 45.fxg4 fxg4 46.Re8 d2 0-1

[Event "Ch Latvia"]
[Site "Riga (Latvia)"]
[Date "2021.09.24"]
[Round "8.3"]
[White "Jankovskis Guntis (LAT)"]
[Black "Ungurs Edgars (LAT)"]
[Result "1/2-1/2"]
[WhiteElo "2260"]
[BlackElo "2154"]
[Annotator ""]
[Source ""]
[Remark ""]

1.c4 e5 2.Nc3 Nc6 3.e3 g6 4.g3 Bg7 5.Bg2 d6 6.d3 Nge7 7.Rb1 Be6
8.Nd5 Qd7 9.b4 O-O 10.b5 Nd8 11.Nxe7+ Qxe7 12.Ne2 Qd7 13.O-O
Bh3 14.e4 Bxg2 15.Kxg2 Ne6 16.f3 a6 17.a4 axb5 18.axb5 f5 19.Qc2
fxe4 20.dxe4 Qf7 21.Be3 Ra3 22.Rb3 Ra4 23.Qd3 Rxc4 24.b6 c6 25.Qxd6
Rxe4 26.Rd3 Rc4 27.Rf2 Nd4 28.Nxd4 exd4 29.Bxd4 Bxd4 30.Rxd4
Rxd4 31.Qxd4 Qf5 32.Qe3 Qd5 33.Re2 Rf7 34.Qc3 Qf5 35.Re8+ Rf8
36.Re7 Rf7 37.Re8+ Rf8 38.Re5 Qf6 39.h4 Rf7 40.Qe3 Kg7 41.h5
Rd7 42.h6+ Kf7 43.Re4 g5 44.Re5 Rd5 45.Rxd5 cxd5 46.Qd3 Qxh6
47.Qxd5+ Qe6 48.Qxb7+ Kf6 49.Qe4 Qxb6 50.Qxh7 Qe3 51.Qe4 Qd2+
52.Kg1 Qd1+ 53.Kf2 Qd2+ 54.Qe2 Qd4+ 55.Kg2 g4 56.Qa6+ Kg7 57.Qb7+
Kf6 58.Qc6+ Kg7 59.fxg4 Qxg4 1/2-1/2

[Event "Ch Latvia"]
[Site "Riga (Latvia)"]
[Date "2021.09.24"]
[Round "8.4"]
[White "Stepins Edgars (LAT)"]
[Black "Gudovskis Konstantins (LAT)"]
[Result "1-0"]
[WhiteElo "2263"]
[BlackElo "2024"]
[Annotator ""]
[Source ""]
[Remark ""]

1.d4 d5 2.Nf3 Nf6 3.c4 e6 4.e3 Be7 5.Nc3 O-O 6.Qc2 c5 7.dxc5
Bxc5 8.a3 a5 9.b3 Nc6 10.Na4 Ba7 11.c5 e5 12.Bb2 Qe7 13.Bb5 e4
14.Nd4 Bd7 15.Nxc6 bxc6 16.Be2 Ne8 17.Bd4 Bb8 18.Nb6 Ra7 19.Qc3
f6 20.O-O Nc7 21.b4 Ne6 22.b5 Nxd4 23.exd4 f5 24.Nxd7 Qxd7 25.bxc6
Qxc6 26.Rab1 Qh6 27.h3 Bc7 28.Rb5 Qf4 29.g3 Qh6 30.Kg2 f4 31.f3
fxg3 32.fxe4 Rxf1 33.Bxf1 dxe4 34.Rb8+ Kf7 35.Rb1 e3 36.Bc4+
Ke8 37.Qd3 Qc6+ 38.Kg1 Qh6 39.Qe4+ Kd8 40.Rf1 g5 41.Rf7 Kc8 42.Qf5+
Kb8 43.Rf8+ Kb7 44.Bd5+ 1-0

[Event "Ch Latvia"]
[Site "Riga (Latvia)"]
[Date "2021.09.24"]
[Round "8.5"]
[White "Mierins Eriks (LAT)"]
[Black "Springis Jevgenijs (LAT)"]
[Result "0-1"]
[WhiteElo "2191"]
[BlackElo "1879"]
[Annotator ""]
[Source ""]
[Remark ""]

1.e4 c5 2.Nf3 d6 3.d4 cxd4 4.Nxd4 Nf6 5.Nc3 a6 6.Bg5 e6 7.f4
Qb6 8.Qd3 Qxb2 9.Rb1 Qa3 10.Be2 Nbd7 11.O-O Be7 12.Kh1 Qa5 13.f5
e5 14.Nb3 Qc7 15.Rbd1 b5 16.Bd2 Bb7 17.Nd5 Nxd5 18.exd5 a5 19.Qg3
a4 20.Bxb5 Bf6 21.Na1 Bxd5 22.Bb4 Qb7 23.c4 Bxc4 24.Bxd7+ Qxd7
25.Rxd6 Qb5 26.Rb1 Bxa2 27.Qf3 Rc8 28.Rb2 Rc1+ 29.Rd1 Bd5 30.Qxd5
Qf1+ 0-1

[Event "Ch Latvia"]
[Site "Riga (Latvia)"]
[Date "2021.09.24"]
[Round "8.6"]
[White "Jazdanovs Aleksandrs (LAT)"]
[Black "Strods Kristaps Reinis (LAT)"]
[Result "0-1"]
[WhiteElo "2178"]
[BlackElo "1646"]
[Annotator ""]
[Source ""]
[Remark ""]

1.e4 e5 2.Nf3 Nc6 3.Bb5 a6 4.Ba4 Nf6 5.O-O b5 6.Bb3 Bc5 7.a4
Rb8 8.c3 d6 9.d4 Bb6 10.Na3 O-O 11.axb5 axb5 12.Nxb5 Bg4 13.Bc2
Bxf3 14.gxf3 Nh5 15.Kh1 Qf6 16.Rg1 Nf4 17.Be3 Nd8 18.Na3 Nde6
19.d5 Nh3 20.Rf1 Nef4 21.Nc4 Qg5 22.Bxf4 Nxf4 23.Rg1 Qh4 24.Nxb6
Rxb6 25.Rg3 Rxb2 26.Qc1 Rb7 27.Qe3 Rfb8 28.Bd3 g6 29.Rg4 Qf6
30.Bf1 Rb2 31.Rd1 Ra8 32.c4 Raa2 33.Kg1 h5 34.Rg3 Qh4 35.c5 Ne2+ 0-1

[Event "Ch Latvia"]
[Site "Riga (Latvia)"]
[Date "2021.09.24"]
[Round "8.7"]
[White "Mierins Emils Janis (LAT)"]
[Black "Tolmacevs Artjoms (LAT)"]
[Result "1-0"]
[WhiteElo "2028"]
[BlackElo "2090"]
[Annotator ""]
[Source ""]
[Remark ""]

1.e4 c5 2.Nf3 d6 3.d4 cxd4 4.Qxd4 Nc6 5.Bb5 Bd7 6.Qd3 Nf6 7.c4
g6 8.Nc3 Bg7 9.O-O O-O 10.h3 Qc7 11.Be3 Rfc8 12.Bxc6 Qxc6 13.b3
Qc7 14.Rac1 a6 15.Nd4 Qb8 16.a4 Qc7 17.Rfe1 Rab8 18.f4 Qd8 19.Rcd1
Qc7 20.Bf2 e6 21.Nf3 d5 22.exd5 Qxf4 23.Ne5 exd5 24.Nxd7 Nxd7
25.Nxd5 Qg5 26.Ne7+ Kh8 27.Nxc8 1-0

[Event "Ch Latvia"]
[Site "Riga (Latvia)"]
[Date "2021.09.24"]
[Round "8.8"]
[White "Saveljevs Aleksandrs (LAT)"]
[Black "Dzjuba Vsevolod (LAT)"]
[Result "1/2-1/2"]
[WhiteElo "1708"]
[BlackElo "2085"]
[Annotator ""]
[Source ""]
[Remark ""]

1.e4 c5 2.Nc3 Nc6 3.Bb5 g6 4.Bxc6 bxc6 5.f4 Bg7 6.d3 d6 7.Nge2
Nh6 8.O-O f5 9.h3 Rb8 10.Rb1 O-O 11.Be3 Kh8 12.Qd2 Ng8 13.b3
Nf6 14.Rbd1 Qa5 15.Rfe1 Qb4 16.a3 Qa5 17.b4 cxb4 18.axb4 Rxb4
19.Ra1 Qc7 20.Rxa7 Rb7 21.Ra8 Bd7 22.Rea1 Rfb8 23.R1a7 c5 24.Nd5
Nxd5 25.Rxb7 Qxb7 26.Rxb8+ Qxb8 27.exd5 e6 28.dxe6 Bxe6 29.d4
Qb4 30.dxc5 dxc5 31.Qxb4 cxb4 32.Bc5 b3 33.cxb3 Bxb3 1/2-1/2

[Event "Ch Latvia"]
[Site "Riga (Latvia)"]
[Date "2021.09.24"]
[Round "8.9"]
[White "Sokolovskis Pavels (LAT)"]
[Black "Batashevs Arsens (LAT)"]
[Result "0-1"]
[WhiteElo "1568"]
[BlackElo "2167"]
[Annotator ""]
[Source ""]
[Remark ""]

1.d4 g6 2.Bf4 c5 3.c3 Qb6 4.Qb3 cxd4 5.Qxb6 axb6 6.cxd4 Nc6 7.e3
Nb4 8.Kd2 Rxa2 9.Rxa2 Nxa2 10.Bc4 Nb4 11.Nc3 Nf6 12.Nf3 Bg7 13.Ra1
O-O 14.Ra4 Na6 15.b4 d6 16.b5 Nc7 17.e4 Bg4 18.Ng5 e5 19.dxe5
dxe5 20.Be3 h6 21.Nf3 Nd7 22.Ra7 Rb8 23.Bd5 Nxd5 24.Nxd5 Nc5
25.Bxc5 bxc5 26.Kd3 Be6 27.Nd2 Bxd5 28.exd5 e4+ 29.Nxe4 Bd4 30.Kc4
f5 31.Nd6 b6 32.f3 Be5 33.Nf7 Bxh2 34.d6 Bg3 35.d7 Bh4 36.Rc7
Rf8 37.Nxh6+ Kh8 38.Rc8 Kg7 39.Kd5 Bd8 40.Ke6 Kxh6 41.Ra8 Rh8
42.Ra7 Rh7 43.Kd6 c4 44.Kc6 c3 0-1

[Event "Ch Latvia"]
[Site "Riga (Latvia)"]
[Date "2021.09.24"]
[Round "8.10"]
[White "Aleidzans Vadims (LAT)"]
[Black "Gobleja Karlis (LAT)"]
[Result "1-0"]
[WhiteElo "1433"]
[BlackElo "1728"]
[Annotator ""]
[Source ""]
[Remark ""]

1.e4 c5 2.Nf3 e6 3.c4 Nc6 4.d4 cxd4 5.Nxd4 Nf6 6.Nc3 Bb4 7.Nxc6
bxc6 8.Bd2 e5 9.Bd3 O-O 10.O-O a5 11.a3 Bc5 12.Kh1 d6 13.f4 Ng4
14.Qf3 Nxh2 15.Qg3 Nxf1 16.Rxf1 Qf6 17.f5 h6 18.Ne2 Rb8 19.Qg4
Rxb2 20.Bc1 Rb3 21.Ng3 Rxd3 22.Nh5 Qg6 23.Qe2 Qh7 24.Qxd3 Ba6
25.Rf3 Kh8 26.Rg3 g6 27.Nf6 Qg7 28.Nd7 g5 29.f6 Qg6 30.Nxf8 Qxf6
31.Nd7 Qf2 32.Nxc5 Qxc5 33.Qf3 Kg7 34.Bxg5 hxg5 35.Rxg5+ Kf8
36.Qf6 1-0

[Event "Ch Latvia"]
[Site "Riga (Latvia)"]
[Date "2021.09.24"]
[Round "8.11"]
[White "Levchenkov Vitaly (LAT)"]
[Black "Alipovs Anatolijs (LAT)"]
[Result "1-0"]
[WhiteElo "2120"]
[BlackElo "1796"]
[Annotator ""]
[Source ""]
[Remark ""]

1.e4 c5 2.Nf3 e6 3.d4 cxd4 4.Nxd4 a6 5.c4 Nc6 6.Be2 Nf6 7.Nc3
Bb4 8.Nxc6 bxc6 9.e5 Ne4 10.Bd2 Nxd2 11.Qxd2 d5 12.exd6 Qxd6
13.Qxd6 Bxd6 14.O-O-O Ke7 15.Bf3 Bb7 16.Ne4 Bf4+ 17.Kc2 c5 18.Nxc5
Bxf3 19.Rd7+ Kf6 20.gxf3 g6 21.h3 Rhc8 22.Ne4+ Kg7 23.b3 a5 24.Nd6
Bxd6 25.Rxd6 a4 26.Kc3 axb3 27.axb3 Rc5 28.Rd3 Rac8 29.Rhd1 Rh5
30.b4 Rxh3 31.b5 Rh5 32.Kb4 Rhc5 33.Rc3 h5 34.b6 R5c6 35.c5 Rb8
36.Rc4 Rcxb6+ 37.cxb6 Rxb6+ 38.Kc3 Rb5 39.Kd3 Rf5 40.Ke3 Kg8
41.Rd7 g5 42.f4 g4 43.Re4 Rf6 44.Re5 Rh6 45.Ra5 f5 46.Rda7 h4
47.Rb5 Rf6 48.Rb8+ Rf8 49.Rxf8+ Kxf8 50.Ke2 h3 51.Kf1 Ke8 52.Kg1
Kf8 53.Kh2 Ke8 54.f3 1-0

[Event "Ch Latvia"]
[Site "Riga (Latvia)"]
[Date "2021.09.24"]
[Round "8.12"]
[White "Zajakins Artjoms (LAT)"]
[Black "Petrovs Renars (LAT)"]
[Result "1-0"]
[WhiteElo "1477"]
[BlackElo "1187"]
[Annotator ""]
[Source ""]
[Remark ""]

1.c4 d5 2.cxd5 Qxd5 3.Nc3 Qd6 4.Nf3 c6 5.d4 Nf6 6.e4 Qc7 7.Bd3
Bg4 8.Be3 e6 9.Rc1 Qa5 10.Qb3 b6 11.Ne5 c5 12.Bb5+ Nbd7 13.Bxd7+
Nxd7 14.Nxg4 cxd4 15.Bxd4 h5 16.Ne3 Bc5 17.Nc4 Qa6 18.Nb5 O-O
19.O-O Bxd4 20.Nxd4 Nc5 21.Qf3 Qxa2 22.e5 g6 23.Nc6 Qb3 24.Rc3
Qb5 25.Nd6 Qxb2 26.Ne7+ Kg7 27.Qf6+ Kh7 28.Nxf7 Rg8 29.Ng5+ Kh6
30.Rg3 Qc2 31.Nxg8+ Rxg8 32.Qf7 Rg7 33.Qf8 1-0

[Event "Ch Latvia"]
[Site "Riga (Latvia)"]
[Date "2021.09.24"]
[Round "8.13"]
[White "Milovs Daniels (LAT)"]
[Black "Boreisis Vitauts (LAT)"]
[Result "0-1"]
[WhiteElo "1814"]
[BlackElo "1930"]
[Annotator ""]
[Source ""]
[Remark ""]

1.e4 c5 2.Be2 d6 3.f4 e6 4.Nf3 Nf6 5.d3 Be7 6.c3 Nbd7 7.O-O O-O
8.Na3 a6 9.Nc2 b5 10.h3 Bb7 11.Be3 Qc7 12.Qd2 c4 13.e5 dxe5 14.fxe5
cxd3 15.Bxd3 Nxe5 16.Nxe5 Qxe5 17.Kh1 Ne4 18.Bxe4 Qxe4 19.Rf4
Qc6 20.Bd4 f6 21.Rff1 Rad8 22.Qf2 e5 23.Be3 f5 24.Nb4 Qg6 25.Rad1
f4 26.Bb6 Rxd1 27.Rxd1 Bh4 28.Qg1 f3 29.Nd5 Bxd5 30.Rxd5 fxg2+
31.Qxg2 Qxb6 32.Rxe5 Qd6 33.Rd5 Qe6 34.Rd1 h6 35.Rg1 Qf6 36.Qd5+
Kh8 37.Rg2 Bg5 38.h4 Bxh4 39.Qb7 Bg5 40.Kh2 Qf4+ 41.Rg3 Rd8 42.Kh3
Qh4+ 43.Kg2 Rd2+ 44.Kf1 Qxg3 45.Qb8+ Qxb8 0-1

[Event "Ch Latvia"]
[Site "Riga (Latvia)"]
[Date "2021.09.24"]
[Round "8.14"]
[White "Savicevs Arsenijs (LAT)"]
[Black "Adamovics Aleksejs (LAT)"]
[Result "0-1"]
[WhiteElo "1708"]
[BlackElo "1594"]
[Annotator ""]
[Source ""]
[Remark ""]

1.e3 d5 2.Nf3 Nf6 3.b3 Bg4 4.Bb2 e6 5.h3 Bh5 6.d4 Nbd7 7.Bd3
Bd6 8.Nbd2 c6 9.O-O O-O 10.c4 Re8 11.Qc2 e5 12.dxe5 Nxe5 13.Nxe5
Bxe5 14.Bxe5 Rxe5 15.e4 dxe4 16.Nxe4 Nxe4 17.Bxe4 Bg6 18.Bxg6
hxg6 19.Rad1 Qe7 20.Qc3 Re8 21.Rd3 b6 22.Qd4 c5 23.Qd7 Qxd7 24.Rxd7
R5e7 25.Rfd1 g5 26.a3 Re1+ 27.Rxe1 Rxe1+ 28.Kh2 Rb1 29.Rd3 Kh7
30.Kg3 Kg6 31.f3 Rb2 32.f4 gxf4+ 33.Kxf4 Rxg2 34.Ke5 f5 35.Rd6+
Kg5 36.h4+ Kxh4 37.Kxf5 Rg3 38.Rd7 g6+ 39.Kf6 Rxb3 40.Rxa7 g5
41.Rh7+ Kg4 42.Kg6 Rxa3 43.Rh5 Kf4 44.Rh8 g4 45.Rf8+ Ke4 46.Kh5
g3 47.Rg8 Kd4 48.Rg4+ Ke5 49.Kh4 Kd6 50.Rg6+ Kc7 51.Rg7+ Kc6
52.Kh3 Rc3 53.Kg2 Rxc4 54.Kxg3 Re4 55.Kf3 Re8 56.Rg6+ Kb5 57.Rd6
c4 58.Rd4 Kc5 59.Re4 Rxe4 60.Kxe4 Kb4 0-1

[Event "Ch Latvia"]
[Site "Riga (Latvia)"]
[Date "2021.09.24"]
[Round "8.15"]
[White "Melderis Uldis (LAT)"]
[Black "Stinka Gustavs (LAT)"]
[Result "1-0"]
[WhiteElo "1877"]
[BlackElo "1024"]
[Annotator ""]
[Source ""]
[Remark ""]

1.d4 Nf6 2.c4 e6 3.Qc2 Nc6 4.Nf3 b6 5.e4 Nb4 6.Qe2 d5 7.exd5
Be7 8.a3 Na6 9.dxe6 Bxe6 10.Nc3 O-O 11.g3 Re8 12.Be3 Bf5 13.Bg2
Bd6 14.O-O c5 15.d5 Qd7 16.Qd2 Ne4 17.Nxe4 Rxe4 18.Rac1 Qa4 19.Nh4
g6 20.Nxf5 gxf5 21.Bxe4 fxe4 22.Bh6 f6 23.Qe2 f5 24.Qh5 Qd7 25.Qg5+
Kh8 26.Qf6+ Kg8 27.f3 e3 28.Bxe3 Re8 29.Rfe1 Be5 30.Qg5+ Bg7
31.Bf4 Kh8 32.Rxe8+ Qxe8 33.Qxf5 Bd4+ 34.Kf1 h5 35.Re1 Qa4 36.Qf8+
Kh7 37.Re7+ Kg6 38.Qh6+ Kf5 39.Qg5# 1-0

[Event "Ch Latvia"]
[Site "Riga (Latvia)"]
[Date "2021.09.24"]
[Round "8.16"]
[White "Alainis Artis (LAT)"]
[Black "Valdats Reinis (LAT)"]
[Result "1-0"]
[WhiteElo "1841"]
[BlackElo "1440"]
[Annotator ""]
[Source ""]
[Remark ""]

1.e4 c5 2.Nf3 e6 3.d3 Nc6 4.g3 Nf6 5.Bg2 Be7 6.O-O O-O 7.Re1
d6 8.b3 a6 9.Bb2 b5 10.e5 Nd7 11.exd6 Bxd6 12.Nbd2 Bb7 13.Ne4
Be7 14.Rb1 Rc8 15.Qd2 Nb4 16.a3 Nd5 17.Qe2 N7b6 18.Nfd2 Re8 19.c4
Nc7 20.Qg4 g6 21.Qf4 Nd7 22.Nd6 Bxd6 23.Qxd6 Bxg2 24.Kxg2 Qe7
25.Ne4 f5 26.Qxd7 fxe4 27.Qxe7 Rxe7 28.Rxe4 Rd7 29.Re3 Rcd8 30.Be5
Ne8 31.cxb5 axb5 32.Rc1 Rd5 33.Bf4 Kf7 34.a4 b4 35.Rd1 Kf6 36.Rde1
Ng7 37.Be5+ Kf7 38.Rf3+ Kg8 39.Bxg7 Kxg7 40.Rxe6 Rxd3 41.Re7+
Kg8 42.Rff7 Rxb3 43.Rg7+ Kf8 44.Ref7+ Ke8 45.Rc7 Kf8 46.Rxh7
Kg8 47.Rhg7+ Kf8 48.Rxg6 Rc3 49.a5 Ra3 50.Rxc5 b3 51.Rb6 Ra8
52.Rcb5 1-0